000 00767nam a2200217 i 4500
001 26944
003 ES-MaACL
005 20230906153529.0
007 t|
008 030113s1872 sp ||||1| spa d
080 _a061.22(460.235 B.)
110 2 _aAteneo Catalán.
_91844
245 1 0 _aActa de la sesión pública celebrada el 25 de noviembre de 1871 /
_cAteneo Catalán.
260 _aBarcelona :
_b[s.n.],
_c1872 (
_fEstab. Tip. de Narciso Ramírez)
300 _a48 p. ;
_c21 cm.
505 8 _aContiene: Discurso sobre las causas del malestar actual de los ánimos / por Joaquín Cadafalch
610 2 4 _aAteneo Catalán-
_vActas.
_9170649
700 1 _aCadafalch y Buguña, Joaquín.
_933368
852 4 _aES-MaACL
_jT-118-F-4
852 _aES-MaACL
_jT-152-F-4
999 _c26944
_d26944